Kritika depolitizovaného rozumu úvahy (nejen) o nové normalizaci

Salvato in:
Dettagli Bibliografici
Autore principale: Barša, Pavel
Natura: Libro
Lingua:ceco
Pubblicazione: Všeň Grimmus 2010
Soggetti:
Tags: Aggiungi Tag
Nessun Tag, puoi essere il primo ad aggiungerne!!

MARC

LEADER 00000nam$a2200000$$$4500
001 0111492
005 20230113120035.4
020 |a 978-80-902831-6-9 
041 0 |a cze 
044 |a CZ 
245 1 0 |a Kritika depolitizovaného rozumu  |b úvahy (nejen) o nové normalizaci  |c Pavel Barša ... [et al.] 
264 1 |a Všeň  |b Grimmus  |c 2010 
300 |a 230 s. 
610 2 0 |a politika 
610 2 0 |a demokracia 
610 2 0 |a vláda 
610 2 0 |a moc politická 
610 2 0 |a konsenzus 
610 2 0 |a konflikty 
610 2 0 |a analýzy 
610 2 0 |a filozofia 
100 1 |a Barša, Pavel